000 00376nam a22001457a 4500
999 _c7796
_d7794
005 20210326111251.0
008 210326b ||||| |||| 00| 0 eng d
020 _a978-81-88908-16-5
041 _aeng
100 _aVERMA, K.C.
_96517
245 _aSTORIES I WOULDN'T TELL MY MOTHER
260 _aKOLKATA
_bPURPLE PEACOCK BOOKS & ARTS PVT.LTD.
300 _a190,p
942 _cBK